000 00359nam a22001457a 4500
003 OSt
008 240830b |||||||| |||| 00| 0 eng d
020 _a9789354977527
082 _a954.01
_bSHI
100 _aSHARMA, R.S
245 _aIndia: the Ancient Past
260 _aNew Delhi:
_bOxford University Press,
_c2023.
300 _axi,387p.
942 _2ddc
_cBK
999 _c12864
_d12864